Cơ sở các phương pháp phân tích điện hóa

Nội dung sách: những khái niệm cơ bản; phương pháp điện thế, phương pháp cực phổ; phương pháp điện lượng; phương pháp điện dẫn; phương pháp điện hóa hòa tan...

Gespeichert in:
Bibliographische Detailangaben
1. Verfasser: Nguyễn, Viết Huyến
Format: Buch
Sprache:Undetermined
Veröffentlicht: Hà Nội Đại học Quốc gia Hà Nội 1999
Schlagworte:
Tags: Tag hinzufügen
Keine Tags, Fügen Sie den ersten Tag hinzu!
Thư viện lưu trữ: Trung tâm Học liệu Trường Đại học Cần Thơ
LEADER 00947nam a2200205Ia 4500
001 CTU_237358
008 210402s9999 xx 000 0 und d
082 |a 541.37 
082 |b H528 
100 |a Nguyễn, Viết Huyến 
245 0 |a Cơ sở các phương pháp phân tích điện hóa 
245 0 |c Nguyễn Việt Huyến 
260 |a Hà Nội 
260 |b Đại học Quốc gia Hà Nội 
260 |c 1999 
520 |a Nội dung sách: những khái niệm cơ bản; phương pháp điện thế, phương pháp cực phổ; phương pháp điện lượng; phương pháp điện dẫn; phương pháp điện hóa hòa tan... 
650 |a Electrochemistry,Electrochemical analysis,Điện hóa,Điện hoá phân tích 
904 |i Dương, Hằng 
910 |a Tuyến 
980 |a Trung tâm Học liệu Trường Đại học Cần Thơ